Which country Quiz Stats

 Plays Quiz not verified by Sporcle

Challenge
Share
Tweet
Embed
Score 0/15 Timer 04:00
0 Plays Today
Which country... Country % Correct
Begins with YYemen
92.7%
Begins with OOman
90.9%
Begins with QQatar
90.9%
Borders Spain that is not in EuropeMorocco
87.3%
Is the city Dubai inUnited Arab Emirates
87.3%
Is the southernmost country in South AmericaChile
83.6%
Won the 2010 World CupSpain
81.8%
Is the 2nd largest in the worldCanada
81.8%
Which country... Country % Correct
Is Mt Vesuvius locatedItaly
81.8%
Is La Paz the capital ofBolivia
78.2%
Has Vaduz as its capitalLiechtenstein
70.9%
Has Funafuti as its capitalTuvalu
50.9%
Has 10 letters and 1 vowel without it repeatingKyrgyzstan
32.7%
Does San Miguel come fromPhilippines
18.2%
Uses all 5 vowels without a repeated vowelMozambique
14.5%

You're not logged in!

Compare scores with friends on all Sporcle quizzes.
Join for Free
OR
Log In

You Might Also Like...

Show Comments

Extras

Created Aug 31, 2014ReportNominate
Tags:Country Quiz

Top Quizzes Today


Score Distribution

Your Account Isn't Verified!

In order to create a playlist on Sporcle, you need to verify the email address you used during registration. Go to your Sporcle Settings to finish the process.

Report this User

Report this user for behavior that violates our Community Guidelines.

Details: